| 000 | 00728nam a2200205 a 4500 | ||
|---|---|---|---|
| 003 | 0 | ||
| 005 | 20250305132357.0 | ||
| 008 | 090706s19uu xx 00 eng d | ||
| 050 |
_aPGS LB 3060.33.T45 _b.K49 2009 |
||
| 100 | _aKim, Seo Young. | ||
| 245 |
_aRelationship of test anxiety and self esteem / _cSeo Young Kim. |
||
| 260 |
_aLas PiƱas City, Philippines : _bSouthville International School and Colleges, _c2009. |
||
| 300 |
_a33 pages : _billustrations ; _c28 cm. |
||
| 504 | _aIncludes bibliographical references. | ||
| 650 | _aTest anxiety. | ||
| 650 | _aSelf-esteem in students. | ||
| 650 | _aAnxiety in college students. | ||
| 650 |
_aAcademic performance _vPsychological aspects. |
||
| 942 |
_2lcc _cPASS |
||
| 999 |
_c98206 _d98206 |
||